| 000 | 02129nam0a2200421 4500 | ||
|---|---|---|---|
| 001 | RU\NLR\bibl\1297261 | ||
| 005 | 20260406071840.0 | ||
| 010 |
_a978-5-88086-742-4 _9400 |
||
| 021 |
_aRU _b2008-79786 _94633 |
||
| 035 | _a(nilc)EL/0000213348 | ||
| 035 | _aRU/Архангельская ОНБ/DOLIB/100974 | ||
| 035 | _a(NLR Aleph) 001282878 | ||
| 090 |
_a510276 _c510276 |
||
| 100 | _a20080910d2008 |||y0rusy50 ca | ||
| 101 | 0 | _arus | |
| 102 | _aRU | ||
| 105 | _aa ||||||||| | ||
| 200 | 1 |
_aЗемля и небо Бориса Шергина _dBoris Shergin's the world and the sky _fЕлена Галимова _g[рис. Б. В. Шергина] _gФедер. агентство по образованию, Гос. образоват. учреждение высш. проф. образования "Помор. гос. ун-т им. М. В. Ломоносова" _zeng |
|
| 210 |
_aАрхангельск _cПоморский университет _d2008 |
||
| 215 |
_a219, [3] с. _cил. _d17 |
||
| 300 | _aАвт. также на англ. яз.: Elena Galimova | ||
| 300 | _aРез. на англ. яз. | ||
| 320 | _aБиблиогр. в примеч. в конце ст. | ||
| 510 | 0 |
_6z11790 _aBoris Shergin's the world and the sky _zeng |
|
| 600 | 1 |
_aШергин _bБ.В. _f1896 - 1973 _gБорис Викторович _91582154 _3RU\NLR\auth\66993594 |
|
| 686 |
_a83.3(2Рос=Рус)6-8Шергин2 _vLBC/PL _2rubbk |
||
| 686 | _aШ5(2=Р)7-4Шергин | ||
| 700 | 1 |
_4070 _8rus _7ca _aГалимова _bЕ. Ш. _gЕлена Шамильевна _3RU\NLR\auth\7773000 _955928 |
|
| 702 | 1 |
_4570 _8rus _7ca _aШергин _bБ.В. _f1896-1973 _gБорис Викторович _3RU\NLR\auth\7716844 _9126477 |
|
| 790 | 1 |
_4070 _8rus _7ba _aGalimova _bE. Š. _gElena Šamil'evna _3RU\NLR\auth\7773002 _955930 |
|
| 801 | 0 |
_aRU _bАрхангельская ОНБ _c20080910 _gPSBO |
|
| 801 | 1 |
_aRU _bАрхангельская ОНБ _c20080910 _gPSBO |
|
| 801 | 2 |
_aRU _bАрхангельская ОНБ _c20080910 _gPSBO |
|
| 801 | 2 |
_aRU _bNLR _c20081121 _grcr |
|
| 942 | _cBOOK | ||
| 980 | _aNB | ||
| 980 | _aNBR | ||